Komeng sang kambing

Bibliographic Details
Main Author: Adibah Amin
Format: Book
Published: Petaling Jaya : Longman , 1993
Subjects:

MARC

LEADER 00000cam a2200000 7i4500
001 0000001523
002 000001669
005 20000330.0
020 |a 9837400234 
090 0 0 |a JF   |b ADI 
100 0 |a Adibah Amin 
245 1 0 |a Komeng sang kambing   |c Adibah Amin 
260 |a Petaling Jaya :   |b Longman ,   |c 1993 
300 |a 14p. :   |b ill ;   |c 24cm. 
650 0 0 |a Children's stories 
999 |a 034170   |b BUKU   |c PINJAMAN   |e PERPUSTAKAAN KOMUNITI PETALING JAYA 
999 |a 034171   |b BUKU   |c PINJAMAN   |e PERPUSTAKAAN KOMUNITI PETALING JAYA 
999 |a 034172   |b BUKU   |c PINJAMAN   |e PERPUSTAKAAN KOMUNITI PETALING JAYA